Psalms. (Record no. 9122)
[ view plain ]
| 000 -LEADER | |
|---|---|
| fixed length control field | 01538cam a2200373 i 4500 |
| 001 - CONTROL NUMBER | |
| control field | 20656454 |
| 003 - CONTROL NUMBER IDENTIFIER | |
| control field | GBCCL |
| 005 - DATE AND TIME OF LATEST TRANSACTION | |
| control field | 20241126110705.0 |
| 008 - FIXED-LENGTH DATA ELEMENTS--GENERAL INFORMATION | |
| fixed length control field | 180813s2018 miu b 001 0 eng c |
| 010 ## - | |
| -- | 2018038920 |
| 020 ## - INTERNATIONAL STANDARD BOOK NUMBER | |
| International Standard Book Number | 9780310206705 (hardcover) |
| 020 ## - INTERNATIONAL STANDARD BOOK NUMBER | |
| Canceled/invalid ISBN | 9780310528555 |
| Qualifying information | ebook |
| 040 ## - CATALOGING SOURCE | |
| Original cataloging agency | NcWfSB/DLC |
| Language of cataloging | eng |
| Transcribing agency | NcWfSB |
| Description conventions | rda |
| Modifying agency | DLC |
| 042 ## - | |
| -- | pcc |
| 050 00 - | |
| -- | BS1430.52 |
| -- | .T83 2018 |
| 082 00 - DEWEY DECIMAL CLASSIFICATION NUMBER | |
| Classification number | 220.77 |
| -- | 223.206 |
| Edition information | 23 |
| Item number | NIV |
| 100 1# - MAIN ENTRY--PERSONAL NAME | |
| Personal name | Tucker, W. Dennis, |
| Titles and words associated with a name | Jr., |
| Relator term | author. |
| 9 (RLIN) | 15916 |
| 245 10 - TITLE STATEMENT | |
| Title | Psalms. |
| Number of part/section of a work | Volume 2 : |
| Remainder of title | NIV Application commentary from bibical text ... to contemporary life / / |
| Statement of responsibility, etc. | W. Dennis Tucker Jr. & Jamie A. Grant. |
| 264 #1 - PRODUCTION, PUBLICATION, DISTRIBUTION, MANUFACTURE, AND COPYRIGHT NOTICE | |
| Place of production, publication, distribution, manufacture | Grand Rapids, Michigan : |
| Name of producer, publisher, distributor, manufacturer | Zondervan, |
| Date of production, publication, distribution, manufacture, or copyright notice | [2018] |
| 300 ## - PHYSICAL DESCRIPTION | |
| Extent | 1072 pages ; |
| Dimensions | 24 cm |
| 336 ## - CONTENT TYPE | |
| Content type term | text |
| Source | rdacontent |
| 337 ## - MEDIA TYPE | |
| Media type term | unmediated |
| Source | rdamedia |
| 338 ## - CARRIER TYPE | |
| Carrier type term | volume |
| Source | rdacarrier |
| 490 1# - SERIES STATEMENT | |
| Series statement | The NIV application commentary series |
| 500 ## - GENERAL NOTE | |
| General note | This volume completes the commentary on the Psalms for the NIV series. Volume 1 of the Psalms was written by Gerald Wilson, published in 2002. |
| 504 ## - BIBLIOGRAPHY, ETC. NOTE | |
| Bibliography, etc. note | Includes bibliographical references and indexes. |
| 630 00 - SUBJECT ADDED ENTRY--UNIFORM TITLE | |
| Uniform title | Bible. |
| Name of part/section of a work | Psalms |
| General subdivision | Criticism, interpretation, etc. |
| 9 (RLIN) | 2721 |
| 700 1# - ADDED ENTRY--PERSONAL NAME | |
| Personal name | Grant, Jamie A., |
| Relator term | author. |
| 9 (RLIN) | 15917 |
| 700 1# - ADDED ENTRY--PERSONAL NAME | |
| Personal name | Wilson, Gerald Henry. |
| Title of a work | Psalms. Volume 1. |
| 9 (RLIN) | 15918 |
| 830 #0 - | |
| -- | NIV application commentary. |
| -- | 1769 |
| 906 ## - LOCAL DATA ELEMENT F, LDF (RLIN) | |
| a | 7 |
| b | cbc |
| c | orignew |
| d | 1 |
| e | ecip |
| f | 20 |
| g | y-gencatlg |
| 942 ## - ADDED ENTRY ELEMENTS (KOHA) | |
| Source of classification or shelving scheme | Dewey Decimal Classification |
| Koha item type | Reference Books |
| Withdrawn status | Lost status | Source of classification or shelving scheme | Damaged status | Not for loan | Home library | Current Library | Shelving location | Date acquired | Total checkouts | Full call number | Barcode | Date last seen | Copy number | Price effective from | Koha item type |
|---|---|---|---|---|---|---|---|---|---|---|---|---|---|---|---|
| Dewey Decimal Classification | GRACE BIBLE COLLEGE | GRACE BIBLE COLLEGE | Commentary | 2022-04-12 | 220.77 NIV | 015538 | 2025-05-01 | v.13B | 2022-04-12 | Reference Books |